| 000 | 00673nam a2200241Ia 4500 | ||
|---|---|---|---|
| 003 | OSt | ||
| 005 | 20220912145736.0 | ||
| 006 | a|||||r|||| 00| 0 | ||
| 007 | ta | ||
| 008 | 220909b |||||||| |||| 00| 0 eng d | ||
| 024 | _a74734 | ||
| 037 | _cTextbook | ||
| 040 |
_aCSL _beng _cCSL |
||
| 041 | _aeng | ||
| 082 | _aIu74:M2, H7 CS | ||
| 100 | _aVerdoorn Frans Ed. | ||
| 245 | 0 | _aChronica botanica: An international collection of studies in the method and history of biology and agriculture | |
| 260 | _c1947 | ||
| 300 |
_ap. _ccm. |
||
| 650 | _aBotany | ||
| 942 |
_hIu74:M2, H7 CS _cTB _2CC |
||
| 999 |
_c37316 _d37316 |
||